<?xml version="1.0" encoding="UTF-8"?>
<record
    xmlns:xsi="http://www.w3.org/2001/XMLSchema-instance"
    xsi:schemaLocation="http://www.loc.gov/MARC21/slim http://www.loc.gov/standards/marcxml/schema/MARC21slim.xsd"
    xmlns="http://www.loc.gov/MARC21/slim">

  <leader>00884nam a22001937a 4500</leader>
  <controlfield tag="005">20250724114304.0</controlfield>
  <datafield tag="010" ind1=" " ind2=" ">
    <subfield code="a">HIN-129974</subfield>
  </datafield>
  <datafield tag="020" ind1=" " ind2=" ">
    <subfield code="a">9789381610817</subfield>
    <subfield code="c">225.00</subfield>
  </datafield>
  <datafield tag="035" ind1=" " ind2=" ">
    <subfield code="a">HN-102320</subfield>
  </datafield>
  <datafield tag="037" ind1=" " ind2=" ">
    <subfield code="b">DBAD</subfield>
  </datafield>
  <datafield tag="082" ind1=" " ind2=" ">
    <subfield code="a">&#x915;</subfield>
  </datafield>
  <datafield tag="100" ind1=" " ind2=" ">
    <subfield code="a">&#x92E;&#x941;&#x915;&#x947;&#x936; &#x91C;&#x94D;&#x91E;&#x93E;&#x928;&#x926;&#x947;&#x935;</subfield>
    <subfield code="9">83240</subfield>
  </datafield>
  <datafield tag="245" ind1=" " ind2=" ">
    <subfield code="a">&#x92E;&#x93E;&#x901; &#x915;&#x940; &#x92F;&#x93E;&#x926; &#x90F;&#x935;&#x902; &#x905;&#x928;&#x94D;&#x92F; &#x932;&#x918;&#x941;&#x915;&#x925;&#x93E;&#x90F;&#x902; /</subfield>
    <subfield code="c">&#x91C;&#x94D;&#x91E;&#x93E;&#x928;&#x926;&#x947;&#x935; &#x92E;&#x941;&#x915;&#x947;&#x936;</subfield>
  </datafield>
  <datafield tag="250" ind1=" " ind2=" ">
    <subfield code="a">&#x92A;&#x94D;&#x930;&#x925;&#x92E; </subfield>
  </datafield>
  <datafield tag="260" ind1=" " ind2=" ">
    <subfield code="a">&#x926;&#x93F;&#x932;&#x94D;&#x932;&#x940; </subfield>
    <subfield code="b">&#x936;&#x93F;&#x932;&#x94D;&#x92A;&#x93E;&#x92F;&#x928; &#x92A;&#x941;&#x92C;&#x94D;&#x932;&#x93F;&#x936;&#x93E;&#x930;&#x94D;&#x938; &#x90F;&#x923;&#x94D;&#x921; &#x921;&#x93F;&#x938;&#x94D;&#x91F;&#x94D;&#x930;&#x940;&#x92C;&#x94D;&#x92F;&#x942;&#x91F;&#x930;&#x94D;&#x938;</subfield>
  </datafield>
  <datafield tag="270" ind1=" " ind2=" ">
    <subfield code="a">10295 , &#x932;&#x947;&#x928; &#x928;&#x902;. 1, &#x935;&#x947;&#x938;&#x94D;&#x91F; &#x917;&#x94B;&#x930;&#x916;&#x92A;&#x93E;&#x930;&#x94D;&#x915; ,  &#x936;&#x93E;&#x939;&#x926;&#x930;&#x93E;,</subfield>
    <subfield code="b">&#x926;&#x93F;&#x932;&#x94D;&#x932;&#x940; </subfield>
    <subfield code="e">110032 </subfield>
    <subfield code="k">001 22826078</subfield>
  </datafield>
  <datafield tag="300" ind1=" " ind2=" ">
    <subfield code="a">104 &#x92A;&#x943;.</subfield>
    <subfield code="c">21.3 &#x938;&#x947;&#x92E;&#x940; (&#x938;&#x91C;&#x93F;&#x932;&#x94D;&#x926; )</subfield>
  </datafield>
  <datafield tag="942" ind1=" " ind2=" ">
    <subfield code="2">ddc</subfield>
    <subfield code="c">HN</subfield>
    <subfield code="h">&#x915;</subfield>
    <subfield code="m">&#x92E;&#x941;&#x915;&#x947;&#x936;</subfield>
  </datafield>
  <datafield tag="999" ind1=" " ind2=" ">
    <subfield code="c">212533</subfield>
    <subfield code="d">212533</subfield>
  </datafield>
  <datafield tag="952" ind1=" " ind2=" ">
    <subfield code="0">0</subfield>
    <subfield code="1">0</subfield>
    <subfield code="4">0</subfield>
    <subfield code="7">0</subfield>
    <subfield code="8">NFIC</subfield>
    <subfield code="a">L</subfield>
    <subfield code="b">L</subfield>
    <subfield code="d">2025-07-24</subfield>
    <subfield code="e">DBAD</subfield>
    <subfield code="g">225.00</subfield>
    <subfield code="l">0</subfield>
    <subfield code="o">&#x915; &#x92E;&#x941;&#x915;&#x947;&#x936;</subfield>
    <subfield code="p">HN-102320</subfield>
    <subfield code="r">2025-07-24 00:00:00</subfield>
    <subfield code="t">1</subfield>
    <subfield code="v">225.00</subfield>
    <subfield code="w">2025-07-24</subfield>
    <subfield code="y">HN</subfield>
  </datafield>
</record>
